| 000 | 00720nam a22002531c 4500 | ||
|---|---|---|---|
| 001 | a987667713 | ||
| 008 | 110621s1994 gw |||| 000u rus d | ||
| 020 |
_a5230050861 _95-230-05086-1 |
||
| 041 | _arus | ||
| 100 | 1 | _aŠkurin, Andrej S. | |
| 245 | 0 | 0 | _aIstorija razvitija graždanskoj aviacii v Primorskom krae v 1955-1985 gg. |
| 246 | 1 | 4 | _aThe History of development of civil aviation in primorsky region in 1955 - 1985 years |
| 264 |
_aVladivostok : _bDVGTU, _c1994 |
||
| 300 | _a70 S. | ||
| 650 | 0 | _aLuftfahrt | |
| 650 | 0 | _aZivile Luftfahrt | |
| 650 | 0 | _aVerkehr | |
| 650 | 0 | _aWirtschaft | |
| 651 | 0 | _aWladiwostok | |
| 651 | 0 | _aSibirien | |
| 942 | _cMG | ||
| 040 | _cRU-10907106 | ||
| 003 | RU-10907106 | ||
| 999 |
_c50728 _d50728 |
||